000 00354nam a2200133Ia 4500
005 20260328101457.0
008 260328s9999||||xx |||||||||||||| ||und||
100 _aRietz, Magnus
245 0 _aSuecia :
_b Un pequeño retrato de un pequeño País /
_cMagnus Rietz
260 _bScandinavian Film Group
300 _a112 p.
650 _aEUROPA
942 _cBK
999 _c8865
_d8865